000 00468cam a22001934a 4500
005 20250605164250.0
008 250528s ||||||||||||||||||||||||d
035 _a21699
020 _a9789607212115
040 _aGR-AtMCL
_bgre
_dGR-AtMCL
_eAACR2
245 1 _aFUNCTIONAL GRAMMAR 3 TEACHER'S BOOK
250 _a1
300 _a180
700 1 _aPagoulatou-Vlachou V
_95194
942 _cBK
260 _bExpress Publishing
999 _c6759
_d6759